7 Oldest African Tribes - Statistics

General Stats
  • This quiz has been taken 26 times
  • The average score is 2 of 7
Answer Stats
Age Location Answer % Correct
100,000 – 140,000 years old Southern Africa San (Bushmen)
73%
Over 3,000 years old Southern Kenya Maasai
68%
Over 100,000 years old Central Africa African Pygmies
18%
Over 10,000 years old North Africa Berbers
18%
100,000 – 140,000 years old Southern Africa Nama
14%
Over 100,000 years old Tanzania Hadza
9%
Over 87,000 years old Central Tanzania Sandawe
5%
No matching quizzes found
Score Distribution
Percent of People with Each Score
Percentile by Number Answered
Your Score History
You have not taken this quiz